000 00672nam a2200241Ia 4500
003 OSt
005 20221007074204.0
006 a|||||r|||| 00| 0
007 ta
008 221006b |||||||| |||| 00| 0 eng d
024 _a11,048
037 _cTextual
040 _aFLL
_cFLL
_beng
041 _2eng
_aeng
082 _aToaZ2,8, L9
100 _aAppleton Nicholas Au.
_9692666
245 0 _aCourts and education
260 _aMeerut
_bAnu pub. India
_c1979
300 _axvi,172p
_ccm.
700 _a Belok Michael V. Au.
_9692667
942 _hToaZ2,8, L9
_cTEXL
_2CC
999 _c1151478
_d1151478